000 00353nam a2200133Ia 4500
008 240624s9999 xx 000 0 und d
041 _aeng
082 _a346.07 DEL
100 _aDELMON JEFFREY
245 _aINTERNATIONAL PROJECT FINANCE AND PPPS A
260 _c2012
_aNew York
_bWolters Kluwer
300 _ali, : 865 : p. : cm. ; 23
365 _c
_b26
999 _c20124
_d20124